Small Cafe And Shop 1 (Record no. 12208)
[ view plain ]
| 000 -LEADER | |
|---|---|
| fixed length control field | 00270 a2200121 4500 |
| 003 - CONTROL NUMBER IDENTIFIER | |
| control field | OSt |
| 005 - DATE AND TIME OF LATEST TRANSACTION | |
| control field | 20231223131844.0 |
| 008 - FIXED-LENGTH DATA ELEMENTS--GENERAL INFORMATION | |
| fixed length control field | 231223b ||||| |||| 00| 0 eng d |
| 020 ## - INTERNATIONAL STANDARD BOOK NUMBER | |
| International Standard Book Number | 978-8957705445 |
| 100 ## - MAIN ENTRY--PERSONAL NAME | |
| Personal name | Archiworld |
| 245 ## - TITLE STATEMENT | |
| Title | Small Cafe And Shop 1 |
| 942 ## - ADDED ENTRY ELEMENTS (KOHA) | |
| Source of classification or shelving scheme | |
| Withdrawn status | Lost status | Source of classification or shelving scheme | Damaged status | Koha normalized classification for sorting | Not for loan | Permanent location | Current location | Date acquired | Source of acquisition | Cost, normal purchase price | Full call number | Barcode | Date last seen | Cost, replacement price | Price effective from | Koha item type |
|---|---|---|---|---|---|---|---|---|---|---|---|---|---|---|---|---|
| 725_720000000000000 | BMS College of Architecture, Design and Planning | BMS College of Architecture, Design and Planning | 2023-12-23 | 10 | 6463.80 | 725.72 | AR-UG3475 | 2023-12-23 | 9234.00 | 2023-12-23 | UG Books |